000 00451pab a2200157 454500
008 180718b1981 xxu||||| |||| 00| 0 eng d
100 _aSrivastava, V.C.
245 _aCultivation practices by primitive tribes of Bihar
_bProblems and prospects
260 _c1981
300 _a289-93
362 _aSept.
650 _aTribes and Tribal System - Bihar
700 _aR. Kerketta
773 _aJournal of Social and Economic Studies
909 _a19672
999 _c19672
_d19672